| 000 | 00702 a2200205 4500 | ||
|---|---|---|---|
| 999 |
_c8889 _d8889 |
||
| 020 | _a0340679360 | ||
| 050 | _aQ183.4 HIL 1998 | ||
| 100 |
_aHill, Graham _eauthor |
||
| 245 |
_aScience for GCSE : _b double award / _cGraham Hill |
||
| 264 |
_aLondon : _bHodder & Stoughton, _c1998. |
||
| 300 |
_a300 pages : _bcolor illustrations ; |
||
| 500 | _aIncludes index | ||
| 650 |
_aScience -- Study and teaching (Secondary) _xGreat Britain -- Problems, exercises, etc. |
||
| 650 |
_aScience _xStudy and teaching (Secondary) |
||
| 650 |
_aScience _xExaminations |
||
| 650 | _aGeneral Certificate of Secondary Education | ||
| 650 | _aScience | ||
| 651 | _aGreat Britain | ||
| 942 |
_2lcc _cBK _h183.4 _iHIL _kQ |
||